{"text_format":"3","workbook":"xlsx","n_sheets":1,"sheets":["采购意向公示项目清单"],"read":"whole","date_system":"1900"}

{"sheet":"采购意向公示项目清单","index":0,"n_rows":91,"n_cols":6,"rows_kept":91}
["序号","申请设备名称","数量","单位","预算单价（万元）","预算金额（万元）"]
[1,"256排CT",1,"台",{"v":2800,"d":"2800.00"},{"v":2800,"d":"2800.00"}]
[2,"裂隙灯显微镜",1,"台",{"v":26.5,"d":"26.50"},{"v":26.5,"d":"26.50"}]
[3,"艾灸仪",3,"台",{"v":13,"d":"13.00"},{"v":39,"d":"39.00"}]
[4,"男性性功能检测仪",1,"台",{"v":18,"d":"18.00"},{"v":18,"d":"18.00"}]
[5,"超声波治疗仪",2,"台",{"v":13,"d":"13.00"},{"v":26,"d":"26.00"}]
[6,"艾灸床",4,"台",{"v":5.6,"d":"5.60"},{"v":22.4,"d":"22.40"}]
[7,"艾灸床",4,"台",{"v":9.6,"d":"9.60"},{"v":38.4,"d":"38.40"}]
[8,"艾灸机器人",3,"台",{"v":30,"d":"30.00"},{"v":90,"d":"90.00"}]
[9,"艾灸椅",10,"台",0.65,{"v":6.5,"d":"6.50"}]
[10,"超声波治疗仪",4,"台",{"v":2.2,"d":"2.20"},{"v":8.8,"d":"8.80"}]
[11,"低频治疗仪",8,"台",{"v":0.5,"d":"0.50"},{"v":4,"d":"4.00"}]
[12,"电动针灸推拿床",8,"台",{"v":2.7,"d":"2.70"},{"v":21.6,"d":"21.60"}]
[13,"电脑恒温电蜡疗仪",1,"台",{"v":3.6,"d":"3.60"},{"v":3.6,"d":"3.60"}]
[14,"电针治疗仪",10,"台",0.04,{"v":0.4,"d":"0.40"}]
[15,"多体位医用诊疗床",10,"台",{"v":2.7,"d":"2.70"},{"v":27,"d":"27.00"}]
[16,"扶阳透灸仪",6,"台",{"v":3,"d":"3.00"},{"v":18,"d":"18.00"}]
[17,"红外偏振光治疗仪",2,"台",{"v":3,"d":"3.00"},{"v":6,"d":"6.00"}]
[18,"脊柱减压牵引床",1,"台",{"v":6.9,"d":"6.90"},{"v":6.9,"d":"6.90"}]
[19,"脊柱减压牵引系统",1,"台",{"v":22,"d":"22.00"},{"v":22,"d":"22.00"}]
[20,"颈椎牵引机",2,"台",{"v":2.5,"d":"2.50"},{"v":5,"d":"5.00"}]
[21,"局部熏蒸仪",6,"台",{"v":1.5,"d":"1.50"},{"v":9,"d":"9.00"}]
[22,"立体动态干扰电\n治疗仪",2,"台",{"v":3.5,"d":"3.50"},{"v":7,"d":"7.00"}]
[23,"盆底磁刺激\n康复系统",1,"台",{"v":25,"d":"25.00"},{"v":25,"d":"25.00"}]
[24,"热敏灸治疗仪",3,"台",{"v":15,"d":"15.00"},{"v":45,"d":"45.00"}]
[25,"湿热敷装置",4,"台",{"v":2.7,"d":"2.70"},{"v":10.8,"d":"10.80"}]
[26,"体外冲击波\n治疗仪",3,"台",{"v":25,"d":"25.00"},{"v":75,"d":"75.00"}]
[27,"温热电针综合\n治疗仪",10,"台",2.49,{"v":24.9,"d":"24.90"}]
[28,"智能红外光\n灸疗机",4,"台",{"v":8.9,"d":"8.90"},{"v":35.6,"d":"35.60"}]
[29,"中药熏蒸机",4,"台",1.68,6.72]
[30,"子午流注低频\n治疗仪",6,"台",{"v":8,"d":"8.00"},{"v":48,"d":"48.00"}]
[31,"综合物理治疗系统",1,"台",{"v":25,"d":"25.00"},{"v":25,"d":"25.00"}]
[32,"便携式中医经络\n检测仪",2,"台",{"v":30,"d":"30.00"},{"v":60,"d":"60.00"}]
[33,"超短波治疗仪",4,"台",{"v":8,"d":"8.00"},{"v":32,"d":"32.00"}]
[34,"温热直流药物\n导入仪",2,"台",{"v":1.2,"d":"1.20"},{"v":2.4,"d":"2.40"}]
[35,"医用红外热像仪",1,"台",{"v":70,"d":"70.00"},{"v":70,"d":"70.00"}]
[36,"中医耳穴检测仪",2,"台",{"v":9.8,"d":"9.80"},{"v":19.6,"d":"19.60"}]
[37,"中医经络检测仪",2,"台",{"v":65,"d":"65.00"},{"v":130,"d":"130.00"}]
[38,"中医四诊仪",2,"台",{"v":67,"d":"67.00"},{"v":134,"d":"134.00"}]
[39,"中医体质辨识仪",2,"台",{"v":9.5,"d":"9.50"},{"v":19,"d":"19.00"}]
[40,"中医智能中频\n治疗仪",4,"台",{"v":27,"d":"27.00"},{"v":108,"d":"108.00"}]
[41,"上肢关节训练系统",1,"台",{"v":20,"d":"20.00"},{"v":20,"d":"20.00"}]
[42,"上肢康复训练系统",2,"台",{"v":45,"d":"45.00"},{"v":90,"d":"90.00"}]
[43,"镜像神经元康复\n训练系统",1,"台",{"v":30,"d":"30.00"},{"v":30,"d":"30.00"}]
[44,"聚焦式冲击波",1,"台",{"v":35,"d":"35.00"},{"v":35,"d":"35.00"}]
[45,"经颅直流电\n治疗仪",1,"台",{"v":35,"d":"35.00"},{"v":35,"d":"35.00"}]
[46,"盆底磁刺激仪",1,"台",{"v":40,"d":"40.00"},{"v":40,"d":"40.00"}]
[47,"干扰电治疗仪",2,"台",{"v":20,"d":"20.00"},{"v":40,"d":"40.00"}]
[48,"物联网呼吸康复\n训练器",1,"台",{"v":25,"d":"25.00"},{"v":25,"d":"25.00"}]
[49,"呼吸神经肌肉\n刺激仪",1,"台",{"v":25,"d":"25.00"},{"v":25,"d":"25.00"}]
[50,"床旁下肢训练仪",4,"台",{"v":13,"d":"13.00"},{"v":52,"d":"52.00"}]
[51,"足底压力训练系统",1,"台",{"v":30,"d":"30.00"},{"v":30,"d":"30.00"}]
[52,"语言康复训练系统",1,"台",{"v":30,"d":"30.00"},{"v":30,"d":"30.00"}]
[53,"子午流注穴位\n治疗仪",1,"台",{"v":16,"d":"16.00"},{"v":16,"d":"16.00"}]
[54,"言语功能检测\n处理系统",1,"台",{"v":18,"d":"18.00"},{"v":18,"d":"18.00"}]
[55,"经颅磁治疗仪",1,"台",{"v":35,"d":"35.00"},{"v":35,"d":"35.00"}]
[56,"体外膈肌起搏器",4,"台",{"v":3.5,"d":"3.50"},{"v":14,"d":"14.00"}]
[57,"神经肌肉电刺激仪",4,"台",{"v":3,"d":"3.00"},{"v":12,"d":"12.00"}]
[58,"熏蒸治疗机",1,"台",{"v":5,"d":"5.00"},{"v":5,"d":"5.00"}]
[59,"恒温箱",1,"台",0.65,0.65]
[60,"经颅磁刺激仪",1,"台",{"v":40,"d":"40.00"},{"v":40,"d":"40.00"}]
[61,"低频体外膈肌\n起搏器",4,"台",{"v":4.5,"d":"4.50"},{"v":18,"d":"18.00"}]
[62,"中医熏蒸治疗仪",2,"台",{"v":4.5,"d":"4.50"},{"v":9,"d":"9.00"}]
[63,"气囊式体外\n反搏系统",2,"台",{"v":30,"d":"30.00"},{"v":60,"d":"60.00"}]
[64,"烟雾净化器",4,"台",{"v":2,"d":"2.00"},{"v":8,"d":"8.00"}]
[65,"多关节等速训练与\n测试系统",2,"台",{"v":55,"d":"55.00"},{"v":110,"d":"110.00"}]
[66,"呼吸训练低频电\n治疗仪",3,"台",{"v":25,"d":"25.00"},{"v":75,"d":"75.00"}]
[67,"神经肌肉低频电\n刺激仪",2,"台",{"v":2.2,"d":"2.20"},{"v":4.4,"d":"4.40"}]
[68,"吞咽神经和肌肉电\n刺激仪",1,"台",{"v":7,"d":"7.00"},{"v":7,"d":"7.00"}]
[69,"吞咽功能电子鼻咽喉内窥镜评估系统",1,"台",{"v":45,"d":"45.00"},{"v":45,"d":"45.00"}]
[70,"上肢关节训练系统",1,"台",{"v":20,"d":"20.00"},{"v":20,"d":"20.00"}]
[71,"经颅直流电治疗仪",1,"台",{"v":35,"d":"35.00"},{"v":35,"d":"35.00"}]
[72,"全身心肺复苏模型",1,"台",{"v":6,"d":"6.00"},{"v":6,"d":"6.00"}]
[73,"全身气道管理\n急救模拟人",1,"台",{"v":6,"d":"6.00"},{"v":6,"d":"6.00"}]
[74,"超声检查综合模拟人",1,"台",{"v":40,"d":"40.00"},{"v":40,"d":"40.00"}]
[75,"可视化中心静脉\n穿刺术模型",1,"台",3.71,3.71]
[76,"全自动上臂式\n电子血压计",70,"台",{"v":0.2,"d":"0.20"},{"v":14,"d":"14.00"}]
[77,"多功能电动监护床",4,"张",{"v":3.2,"d":"3.20"},{"v":12.8,"d":"12.80"}]
[78,"感觉神经定量\n检测仪",1,"台",{"v":25,"d":"25.00"},{"v":25,"d":"25.00"}]
[79,"生物刺激反馈仪",1,"台",{"v":12,"d":"12.00"},{"v":12,"d":"12.00"}]
[80,"脑机接口主动\n康复系统",1,"套",{"v":45,"d":"45.00"},{"v":45,"d":"45.00"}]
[81,"AI上肢智能反馈\n训练系统",1,"套",{"v":18,"d":"18.00"},{"v":18,"d":"18.00"}]
[82,"振动排痰仪",4,"台",{"v":4.5,"d":"4.50"},{"v":18,"d":"18.00"}]
[83,"智能内镜储存柜",2,"台",{"v":15,"d":"15.00"},{"v":30,"d":"30.00"}]
[84,"移动空气灭菌站",1,"台",{"v":18,"d":"18.00"},{"v":18,"d":"18.00"}]
[85,"彩色多普勒\n超声诊断仪",1,"台",{"v":130,"d":"130.00"},{"v":130,"d":"130.00"}]
[86,"便携式彩超",1,"台",{"v":30,"d":"30.00"},{"v":30,"d":"30.00"}]
[87,"皮肤镜影像系统",1,"台",{"v":25,"d":"25.00"},{"v":25,"d":"25.00"}]
[88,"全自动人工智能OCT",1,"台",{"v":47.4,"d":"47.40"},{"v":47.4,"d":"47.40"}]
[89,"便携式AI辅助\n眼底相机",1,"台",{"v":16,"d":"16.00"},{"v":16,"d":"16.00"}]
[null,null,{"$f":"SUM(C2:C90)","v":295},null,null,{"$f":"SUM(F2:F90)","v":5558.08}]